[Event "10. Bayer Open"]
[Site "?"]
[Date "2012.03.07"]
[Round "5"]
[White "Rotstein, Jefim"]
[Black "Lemanczyk, Thomas"]
[Result "1-0"]
[WhiteElo "2291"]
[BlackElo "2245"]
[PlyCount "127"]
[EventDate "2012.??.??"]
[SourceDate "2012.01.12"]

1. f4 g6 2. Nf3 d5 3. e3 Bg7 4. Be2 Nf6 5. O-O b6 6. a4 a6 7. c4 dxc4 8. Bxc4
O-O 9. Nc3 Bb7 10. d4 e6 11. Qe2 c6 12. a5 b5 13. Bd3 c5 14. dxc5 Nc6 15. Rd1
Qc7 16. Bd2 Nxa5 17. Rxa5 Qxa5 18. Nxb5 Bxf3 19. gxf3 Qa2 20. Nc7 Rac8 21. Nxa6
Qxb2 22. Rb1 Qa2 23. c6 Rxc6 24. Nb4 Qa8 25. Nxc6 Qxc6 26. Bb5 Qc2 27. Qd3 Qxd3
28. Bxd3 Rd8 29. Rb3 Nd5 30. Kf2 Ra8 31. e4 Bd4+ 32. Ke2 Nf6 33. Bc4 Rc8 34.
Ba6 Ra8 35. Bb7 Ra2 36. Kd3 Nd7 37. Rb5 Rb2 38. Bc6 Nb6 39. Kxd4 Rxd2+ 40. Kc3
Rxh2 41. Rxb6 Rh3 42. e5 h5 43. Kd4 Kg7 44. Rb7 Kf8 45. Ke3 Rh2 46. Rb1 h4 47.
f5 gxf5 48. Kf4 Rg2 49. Rh1 Re2 50. Bb5 Rb2 51. Bd3 Rb3 52. Ke3 f6 53. exf6 Kf7
54. Rxh4 Kxf6 55. Rh6+ Ke5 56. f4+ Kd5 57. Rh8 Rb4 58. Rd8+ Kc5 59. Ra8 Kd6 60.
Ra6+ Ke7 61. Rc6 Kd7 62. Rc4 Rb3 63. Kd4 Ke7 64. Rc6 1-0

[Event "10. Bayer Open"]
[Site "?"]
[Date "2012.03.07"]
[Round "5"]
[White "Jiritschka, Wolfgang"]
[Black "Kniest, Oliver"]
[Result "0-1"]
[WhiteElo "1860"]
[BlackElo "2243"]
[PlyCount "124"]
[EventDate "2012.??.??"]
[SourceDate "2012.01.12"]

1. c4 c5 2. Nc3 Nc6 3. Nf3 g6 4. g3 Bg7 5. Bg2 d6 6. O-O Qd7 7. e4 b6 8. d3
Bxc3 9. bxc3 Bb7 10. Ne1 e6 11. f4 Nge7 12. Nc2 O-O-O 13. Ne3 f5 14. d4 Na5 15.
d5 Ba6 16. Re1 fxe4 17. Bxe4 Kb8 18. dxe6 Qxe6 19. Bd5 Qd7 20. Bd2 Rhe8 21. Qg4
Qxg4 22. Nxg4 Bxc4 23. Bxc4 Nxc4 24. Rad1 Nd5 25. Rxe8 Rxe8 26. Be1 h5 27. Rxd5
Rxe1+ 28. Kf2 Rh1 29. Nf6 Rxh2+ 30. Kf3 h4 31. Rg5 Nd2+ 32. Kg4 Rg2 33. Kxh4
Nf3+ 34. Kh3 Rh2+ 35. Kg4 Nxg5 36. Kxg5 Rxa2 37. Kxg6 b5 38. f5 b4 39. cxb4
cxb4 40. Nd5 b3 41. f6 Rf2 42. g4 b2 43. Nc3 a5 44. f7 a4 45. Nb1 d5 46. Kg7 d4
47. f8=Q+ Rxf8 48. Kxf8 d3 49. g5 a3 50. Nxa3 d2 51. Nc4 b1=Q 52. Nxd2 Qb4+ 53.
Kf7 Qxd2 54. g6 Qf4+ 55. Ke7 Qg5+ 56. Kf7 Qf5+ 57. Kg7 Kc7 58. Kh6 Qf6 59. Kh7
Qh4+ 60. Kg8 Kd7 61. g7 Ke6 62. Kf8 Qd8# 0-1

[Event "10. Bayer Open"]
[Site "?"]
[Date "2012.03.07"]
[Round "5"]
[White "Auer, Martin"]
[Black "Ljuboschiz, Alexander"]
[Result "1/2-1/2"]
[WhiteElo "2214"]
[BlackElo "1992"]
[PlyCount "22"]
[EventDate "2012.??.??"]
[SourceDate "2012.01.12"]

1. e4 g6 2. d4 Bg7 3. Nc3 d6 4. Be3 a6 5. a4 Nc6 6. h3 e5 7. Nge2 exd4 8. Nxd4
Nf6 9. g3 O-O 10. Bg2 Bd7 11. O-O Re8 1/2-1/2

[Event "10. Bayer Open"]
[Site "?"]
[Date "2012.03.07"]
[Round "5"]
[White "Eulering, Georg"]
[Black "Ivic, Roman"]
[Result "0-1"]
[WhiteElo "2064"]
[BlackElo "2020"]
[PlyCount "80"]
[EventDate "2012.??.??"]
[SourceDate "2012.01.12"]

1. e4 e5 2. Nc3 Nf6 3. f4 d6 4. Nf3 Nc6 5. Bb5 Bg4 6. h3 Bxf3 7. Qxf3 Nd7 8.
Bxc6 bxc6 9. O-O Be7 10. d3 O-O 11. Ne2 c5 12. g4 Rb8 13. b3 h6 14. f5 Bh4 15.
Kg2 Qe7 16. Ng3 Nf6 17. Rg1 Nh7 18. Nh5 f6 19. Bd2 Qd7 20. Kh2 c6 21. c4 Kh8
22. Be3 Rbd8 23. Rg2 Qe7 24. Rc1 a5 25. Qe2 Ra8 26. Qc2 Rfb8 27. Rb1 Rb7 28.
Qc3 a4 29. b4 a3 30. Rgg1 Rab8 31. b5 cxb5 32. cxb5 Rxb5 33. Rxb5 Rxb5 34. Qxa3
Qb7 35. Rg2 Ng5 36. Bxg5 Bxg5 37. Qc3 Be3 38. Qc4 Rb2 39. Rc2 Qb4 40. Qf7 Rxc2+
0-1

[Event "10. Bayer Open"]
[Site "?"]
[Date "2012.03.07"]
[Round "5"]
[White "Negele, Michael"]
[Black "Block, Wolfgang"]
[Result "1-0"]
[WhiteElo "2134"]
[BlackElo "2089"]
[PlyCount "103"]
[EventDate "2012.??.??"]
[SourceDate "2012.01.12"]

1. d4 d5 2. Nc3 c6 3. Nf3 Bf5 4. Bf4 e6 5. a3 Nf6 6. Qd2 Be7 7. Ne5 Nbd7 8. f3
Nxe5 9. Bxe5 (9. dxe5 Nd7 10. O-O-O) 9... O-O 10. e3 Nd7 11. Bg3 c5 12. Be2
cxd4 13. exd4 Rc8 14. O-O Bg5 15. f4 Bf6 16. Bf2 Nb6 17. Bf3 Nc4 18. Qc1 Qb6
19. Na4 Qc6 20. b3 Na5 21. Qd2 (21. Qe1 b6 22. Rc1 Qd6) 21... b6 $1 22. Ra2 Rc7
{?} (22... Bxc2 {!} 23. Rc1 Nxb3 24. Raxc2 Qxa4) 23. g4 $2 (23. Bd1) 23... Bg6
{?} (23... Bxc2 $1) 24. Bg3 {?} Rd7 {?} (24... Bxc2 $1) 25. Rf2 {?!} (25. Be2)
25... Be4 26. Be2 Rc8 27. Ba6 Rcd8 28. Nc3 Qa8 29. g5 Be7 30. Bb5 Nc6 31. b4 a6
32. Ba4 {?!} (32. Bf1) 32... b5 33. Bb3 Bf5 34. Nd1 Bd6 35. Ne3 Ne7 36. h4 $6 (
36. a4) 36... Rc8 37. h5 Rdc7 38. Bh4 Be4 39. g6 {!?} Nf5 40. gxh7+ Kxh7 41.
Nxf5 Bxf5 42. Rg2 $2 (42. Rf3) 42... Rc3 {!} 43. Rg5 $6 f6 (43... Rh3 {!}) 44.
Rxf5 exf5 45. Qg2 Rxb3 {?} (45... Bxf4 46. Qg6+ Kh8 47. Qxf5 Be3+ 48. Kg2 Bxd4)
46. Qg6+ Kh8 47. cxb3 Rc1+ 48. Kg2 Bxf4 49. Re2 Rc8 50. Re7 Bh6 51. Bxf6 Rg8 (
51... Rc2+ 52. Kh3 Rc3+ 53. Kh4) 52. Qxh6# 1-0

[Event "10. Bayer Open"]
[Site "?"]
[Date "2012.03.07"]
[Round "5"]
[White "Wolfradt, Dirk"]
[Black "Friedsam, Manfred"]
[Result "1-0"]
[WhiteElo "2067"]
[BlackElo "1828"]
[PlyCount "30"]
[EventDate "2012.??.??"]
[SourceDate "2012.01.12"]

1. d4 e6 2. e4 d5 3. Nd2 dxe4 4. Nxe4 Nf6 5. Nxf6+ Qxf6 6. Nf3 h6 7. Bd3 Bd6 8.
Qe2 O-O 9. g4 Qe7 10. g5 h5 11. g6 fxg6 12. Bg5 Qe8 13. Nh4 e5 14. Bxg6 Bg4 15.
f3 Bxf3 1-0

[Event "10. Bayer Open"]
[Site "?"]
[Date "2012.03.07"]
[Round "5"]
[White "Janssen, Wolfgang"]
[Black "Keller, Karsten"]
[Result "0-1"]
[WhiteElo "1670"]
[BlackElo "2127"]
[PlyCount "105"]
[EventDate "2012.??.??"]
[SourceDate "2012.01.12"]

1. e4 c5 2. Nf3 Nc6 3. d3 Nf6 4. g3 d5 5. Nbd2 e6 6. Bg2 Be7 7. O-O b5 8. e5
Nd7 9. Re1 Qc7 10. Qe2 a5 11. Nf1 Ba6 12. c3 Nb6 13. Bf4 Rb8 14. N3d2 g5 15.
Be3 Qxe5 16. Nf3 Qg7 17. d4 c4 18. Ne5 Nxe5 19. dxe5 Na4 20. Qd2 b4 21. Rac1
bxc3 22. bxc3 O-O 23. Bd4 Bc5 24. Ne3 Rb2 25. Rc2 Bxd4 26. Qxd4 Rxc2 27. Nxc2
Nb2 28. Qb6 Nd3 29. Re3 Bc8 30. Qd4 f6 31. f4 gxf4 32. gxf4 fxe5 33. fxe5 Kh8
34. Ne1 Nf4 35. Qd2 Nxg2 36. Qxg2 Qxg2+ 37. Kxg2 Bd7 38. Nf3 Rg8+ 39. Kf2 Rb8
40. Re2 a4 41. Nd4 Rb1 42. Nc2 Rb2 43. Nb4 a3 44. Na6 Ba4 45. Ke3 Bc2 46. Nb4
Bb1 47. Rd2 Kg7 48. Rd1 Bxa2 49. Ra1 Bb1 50. Rxa3 Rxh2 51. Ra7+ Kg6 52. Ra1 Rh1
53. Nc2 0-1

[Event "10. Bayer Open"]
[Site "?"]
[Date "2012.03.07"]
[Round "5"]
[White "Sockel, Karl-Heinz"]
[Black "Blumenthal, Ralf"]
[Result "1/2-1/2"]
[WhiteElo "1974"]
[BlackElo "1824"]
[PlyCount "47"]
[EventDate "2012.??.??"]
[SourceDate "2012.01.12"]

1. d4 Nf6 2. Nf3 e6 3. e3 b6 4. Bd3 Bb7 5. b3 Ne4 6. Bb2 Be7 7. O-O O-O 8. Nbd2
f5 9. c4 d6 10. Qc2 Nxd2 11. Nxd2 Nd7 12. f4 Nf6 13. e4 Ng4 14. Rae1 Qd7 15.
exf5 exf5 16. h3 Nh6 17. Nf3 Bxf3 18. Rxf3 Bf6 19. Rfe3 Rae8 20. d5 Bxb2 21.
Qxb2 Rxe3 22. Rxe3 Re8 23. Qe2 Rxe3 24. Qxe3 1/2-1/2

[Event "10. Bayer Open"]
[Site "?"]
[Date "2012.03.07"]
[Round "5"]
[White "Heyn, Peter"]
[Black "Pick, Stefan"]
[Result "0-1"]
[WhiteElo "1784"]
[BlackElo "2113"]
[PlyCount "108"]
[EventDate "2012.??.??"]
[SourceDate "2012.01.12"]

1. d4 Nf6 2. c4 g6 3. Nc3 Bg7 4. e3 c5 5. Nf3 O-O 6. Be2 d6 7. Qc2 Nc6 8. a3
Bg4 9. d5 Ne5 10. Nxe5 dxe5 11. f3 Bc8 12. O-O Ne8 13. e4 Nd6 14. Kh1 b6 15. b3
Qc7 16. Bd3 Bd7 17. Bg5 f6 18. Be3 a6 19. a4 Rf7 20. Rf2 f5 21. Raf1 f4 22. Bc1
Bf6 23. Qd1 Bh4 24. Ra2 Qd8 25. Bd2 Qf8 26. Be1 Bf6 27. Bf2 a5 28. Ne2 g5 29.
Nc1 h5 30. Be2 Rh7 31. Bg1 Qg7 32. Qd3 g4 33. Bd1 Kf7 34. Rd2 Rg8 35. Qc2 Qg5
36. Na2 Rhg7 37. Nc3 Qh4 38. Nb5 g3 39. Nc7 Bh3 40. Ne6 gxh2 41. Bxh2 Bxe6 42.
dxe6+ Kxe6 43. Qd3 Kd7 44. Qd5 Kc7 45. b4 Rd8 46. b5 Rb8 47. Qc6+ Kd8 48. Bb3
Rc8 49. Qxb6+ Ke8 50. Qa6 Rd8 51. Qc6+ Kf7 52. Qxc5 Nxe4 53. fxe4 Rxd2 54. Rg1
f3 0-1

[Event "10. Bayer Open"]
[Site "?"]
[Date "2012.03.07"]
[Round "5"]
[White "Böhm, Stefan"]
[Black "Wirtz, Uwe"]
[Result "1/2-1/2"]
[WhiteElo "1941"]
[BlackElo "1780"]
[PlyCount "35"]
[EventDate "2012.??.??"]
[SourceDate "2012.01.12"]

1. d4 d5 2. c4 e6 3. Nc3 Nf6 4. cxd5 exd5 5. Bg5 Nbd7 6. e3 c6 7. Bd3 Be7 8.
Nge2 Nh5 9. Bxe7 Qxe7 10. Qc2 g6 11. O-O-O Nb6 12. Kb1 Ng7 13. Ng3 Bd7 14. Na4
Nxa4 15. Qxa4 O-O 16. Qc2 Rac8 17. Qc5 Qxc5 18. dxc5 1/2-1/2

[Event "10. Bayer Open"]
[Site "?"]
[Date "2012.03.07"]
[Round "5"]
[White "Blomeyer, Peter"]
[Black "Kies, Werner"]
[Result "1-0"]
[WhiteElo "1769"]
[BlackElo "1900"]
[PlyCount "87"]
[EventDate "2012.??.??"]
[SourceDate "2012.01.12"]

1. c4 g6 2. g3 Bg7 3. Bg2 c5 4. Nf3 Nc6 5. Nc3 d6 6. O-O Nf6 7. Rb1 O-O 8. a3
Bg4 9. b4 Qd7 10. bxc5 dxc5 11. d3 b6 12. Re1 Rad8 13. Be3 Bh3 14. Bh1 Ng4 15.
Bd2 h6 16. Qc1 Kh7 17. Ne4 f5 18. Neg5+ hxg5 19. Nxg5+ Kg8 20. Nxh3 e5 21. Bd5+
Kh8 22. Ng5 Rde8 23. Qd1 Nf6 24. e4 Nd4 25. Be3 Nh7 26. Nxh7 Kxh7 27. Bxd4 cxd4
28. exf5 Qxf5 29. Qe2 Bf6 30. Kg2 Kg7 31. Be4 Qd7 32. Rh1 Rh8 33. h4 Qd6 34. a4
Bd8 35. Rb5 Qe6 36. Rd5 Rh5 37. c5 bxc5 38. Rxc5 Bf6 39. Rc6 Qe7 40. g4 Rxh4
41. Rxh4 Bxh4 42. Rxg6+ Kf8 43. Bd5 Qh7 44. Qf3+ 1-0

[Event "10. Bayer Open"]
[Site "?"]
[Date "2012.03.07"]
[Round "5"]
[White "Pützkaul, Karl"]
[Black "Vranidis, Athanassios"]
[Result "1/2-1/2"]
[WhiteElo "1778"]
[BlackElo "1720"]
[PlyCount "35"]
[EventDate "2012.??.??"]
[SourceDate "2012.01.12"]

1. d4 Nf6 2. Nf3 e6 3. c4 d5 4. Nc3 Nbd7 5. Bg5 Be7 6. e3 O-O 7. Rc1 c6 8. Bd3
dxc4 9. Bxc4 Nd5 10. Bxe7 Qxe7 11. O-O Nxc3 12. Rxc3 e5 13. dxe5 Nxe5 14. Nxe5
Qxe5 15. f4 Qe4 16. Bb3 Bf5 17. Bc2 Qe6 18. Bxf5 1/2-1/2

[Event "10. Bayer Open"]
[Site "?"]
[Date "2012.03.07"]
[Round "5"]
[White "Brinkmann, Sven"]
[Black "Maczkowiak, Thomas"]
[Result "1/2-1/2"]
[WhiteElo "1961"]
[BlackElo "1833"]
[PlyCount "25"]
[EventDate "2012.??.??"]
[SourceDate "2012.01.12"]

1. a3 d5 2. Nf3 Bf5 3. g3 e6 4. Bg2 Nf6 5. d3 Be7 6. O-O O-O 7. Nbd2 c6 8. c4
Nbd7 9. b4 a5 10. bxa5 Rxa5 11. Nb3 Ra6 12. Nbd4 Bg6 13. Qc2 1/2-1/2

[Event "10. Bayer Open"]
[Site "?"]
[Date "2012.03.07"]
[Round "5"]
[White "Scharff, Klaus"]
[Black "Düxmann, Marcel"]
[Result "1-0"]
[WhiteElo "1885"]
[BlackElo "1660"]
[PlyCount "41"]
[EventDate "2012.??.??"]
[SourceDate "2012.01.12"]

1. d4 Nf6 2. c4 g6 3. Nc3 Bg7 4. e4 d6 5. f4 c5 6. d5 e6 7. Nf3 exd5 8. cxd5
O-O 9. Be2 b5 10. e5 dxe5 11. fxe5 Ng4 12. Bg5 Qa5 13. O-O Nxe5 14. Nxe5 Bxe5
15. Be7 Bd4+ 16. Kh1 Re8 17. d6 Bb7 18. Bxb5 Nc6 19. Qf3 Nd8 20. Bxd8 Qxd8 21.
Qxf7+ 1-0

[Event "10. Bayer Open"]
[Site "?"]
[Date "2012.03.07"]
[Round "5"]
[White "Baier, Uwe"]
[Black "Schimpf, Rolf"]
[Result "1/2-1/2"]
[WhiteElo "1718"]
[BlackElo "1676"]
[PlyCount "138"]
[EventDate "2012.??.??"]
[SourceDate "2012.01.12"]

1. e4 d5 2. exd5 Qxd5 3. Nc3 Qa5 4. d4 c6 5. Bc4 Bf5 6. Bd2 e6 7. Nge2 Nf6 8.
O-O Qc7 9. Ng3 Bg6 10. Bb3 Be7 11. f4 O-O 12. Qf3 Bd6 13. Nce2 Nbd7 14. Rae1
Rad8 15. h3 b5 16. f5 exf5 17. Nf4 Ne4 18. Bc1 Nxg3 19. Qxg3 Nf6 20. h4 Nh5 21.
Qg5 Nxf4 22. Bxf4 Kh8 23. Bxd6 Qxd6 24. c3 h6 25. Qe7 Qd7 26. Rf3 Rfe8 27. Qxd7
Rxe1+ 28. Kf2 Rxd7 29. Kxe1 Re7+ 30. Kf2 Kg8 31. Re3 Kf8 32. Re5 Rxe5 33. dxe5
c5 34. Ke3 Bh5 35. a4 a6 36. axb5 axb5 37. Bd5 Ke7 38. Bc6 g5 39. g3 Ke6 40.
Bxb5 Kxe5 41. Bc6 gxh4 42. gxh4 f4+ 43. Kf2 f6 44. b4 cxb4 45. cxb4 Kd6 46. Bf3
Be8 47. Ke1 Kc7 48. Kd2 Bg6 49. Kc3 Kd6 50. Kd4 Be8 51. Ke4 Bb5 52. Kxf4 Ke6
53. Bb7 Bd3 54. Kg4 Be2+ 55. Bf3 f5+ 56. Kf4 Bb5 57. Bb7 Kf6 58. Bc8 Bd3 59.
Bd7 Be4 60. b5 Ke7 61. Bxf5 Bb7 62. Be4 Bc8 63. b6 Kf6 64. b7 Bxb7 65. Bxb7 h5
66. Be4 Kg7 67. Kg5 Kf8 68. Kxh5 Kg7 69. Kg5 Kh8 1/2-1/2

[Event "10. Bayer Open"]
[Site "?"]
[Date "2012.03.07"]
[Round "5"]
[White "Birnkott, Manfred"]
[Black "Hoffmann, Hans-Paul"]
[Result "1/2-1/2"]
[WhiteElo "1850"]
[BlackElo "1837"]
[PlyCount "33"]
[EventDate "2012.??.??"]
[SourceDate "2012.01.12"]

1. e4 d5 2. exd5 Qxd5 3. Nc3 Qa5 4. d4 Nf6 5. Bc4 c6 6. Nge2 e6 7. O-O Bd6 8.
Bf4 Qc7 9. Bxd6 Qxd6 10. Ng3 O-O 11. Nce4 Nxe4 12. Nxe4 Qe7 13. Re1 Nd7 14. Bd3
Nf6 15. Nxf6+ Qxf6 16. Re3 g6 17. c3 1/2-1/2

[Event "10. Bayer Open"]
[Site "?"]
[Date "2012.03.07"]
[Round "5"]
[White "Bießner, Eberhard"]
[Black "Falge, Rainer"]
[Result "1/2-1/2"]
[WhiteElo "1750"]
[BlackElo "1642"]
[PlyCount "70"]
[EventDate "2012.??.??"]
[SourceDate "2012.01.12"]

1. e4 d6 2. d4 g6 3. f4 Bg7 4. Nf3 Nf6 5. Bd3 c5 6. c3 cxd4 7. cxd4 a6 8. e5
dxe5 9. fxe5 Nd5 10. Nc3 O-O 11. Qb3 Nxc3 12. bxc3 Nc6 13. Be4 Be6 14. Qxb7 Na5
15. Qb1 Rb8 16. Qc2 Nc4 17. Bd3 Qb6 18. Qe2 Nb2 19. Bxb2 Qxb2 20. Qxb2 Rxb2 21.
O-O a5 22. c4 Rd8 23. Rfb1 Rdb8 24. Rxb2 Rxb2 25. h3 Bh6 26. d5 Bc8 27. Rb1
Be3+ 28. Kf1 Rf2+ 29. Ke1 Bxh3 30. gxh3 Rxf3 31. Ke2 Rxh3 32. Rb8+ Kg7 33. Rb5
Bd4 34. Rxa5 Rh2+ 35. Kf3 Rh3+ 1/2-1/2

[Event "10. Bayer Open"]
[Site "?"]
[Date "2012.02.27"]
[Round "5"]
[White "Themm, Rainer"]
[Black "Witte, Volker"]
[Result "1/2-1/2"]
[WhiteElo "1753"]
[BlackElo "1742"]
[PlyCount "54"]
[EventDate "2012.??.??"]
[SourceDate "2012.01.12"]

1. e4 c6 2. d4 d5 3. exd5 cxd5 4. Nf3 Nf6 5. Be2 Bg4 6. O-O e6 7. c3 Bd6 8. Ne5
Bf5 9. Bg5 h6 10. Bh4 g5 11. Bg3 Nc6 12. Re1 Ne4 13. Nxc6 bxc6 14. Bxd6 Qxd6
15. Nd2 Nxd2 16. Qxd2 Rb8 17. b4 Qf4 18. Rad1 Qxd2 19. Rxd2 h5 20. a4 Ke7 21.
a5 h4 22. h3 Kd6 23. Bd1 Rhg8 24. f3 Bg6 25. Re3 Bf5 26. Kf2 Rh8 27. Ba4 Rhc8
1/2-1/2

[Event "10. Bayer Open"]
[Site "?"]
[Date "2012.03.07"]
[Round "5"]
[White "Karwatzki, Hans-Jürgen"]
[Black "van Schyndel, Andreas"]
[Result "0-1"]
[WhiteElo "1593"]
[BlackElo "1699"]
[PlyCount "42"]
[EventDate "2012.??.??"]
[SourceDate "2012.01.12"]

1. e4 e5 2. f4 exf4 3. Nf3 g5 4. Bc4 g4 5. O-O gxf3 6. Qxf3 Qf6 7. d3 b5 8. Bb3
Nc6 9. e5 Bc5+ 10. Kh1 Qf5 11. Bxf4 Nge7 12. Nc3 Ng6 13. Nd5 Kd8 14. e6 Nxf4
15. Nxf4 Bd6 16. Rae1 Qxf4 17. e7+ Nxe7 18. Qxf4 Bxf4 19. Rxf4 f5 20. g4 fxg4
21. Rfe4 Bb7 0-1

[Event "10. Bayer Open"]
[Site "?"]
[Date "2012.03.07"]
[Round "5"]
[White "Rist, Kurt"]
[Black "Elsweiler, Karl-Heinz"]
[Result "1-0"]
[WhiteElo "1511"]
[BlackElo "1588"]
[PlyCount "76"]
[EventDate "2012.??.??"]
[SourceDate "2012.01.12"]

1. e4 d6 2. d4 Nf6 3. f3 g6 4. Be3 Bg7 5. Bc4 c6 6. Bb3 b5 7. c3 a5 8. Qd2 O-O
9. Ne2 Ba6 10. Na3 Nbd7 11. Nc2 a4 12. Nb4 axb3 13. Nxc6 Qe8 14. axb3 Bb7 15.
Na5 Qc8 16. b4 Nb6 17. b3 Qc7 18. O-O e5 19. d5 Bc8 20. Ra2 Bd7 21. Rfa1 Rfc8
22. Qe1 Rcb8 23. Qf2 Nbxd5 24. exd5 Nxd5 25. Bd2 e4 26. fxe4 Nf6 27. Rf1 Bg4
28. Ng3 Re8 29. h3 Be6 30. Be3 Bxb3 31. Nxb3 Rxa2 32. Qxa2 Qxc3 33. Rf3 Qe1+
34. Kh2 Nxe4 35. Nd4 Bf6 36. Nxe4 Be5+ 37. g3 Bxg3+ 38. Nxg3 Re7 1-0

[Event "10. Bayer Open"]
[Site "?"]
[Date "2012.03.03"]
[Round "5"]
[White "Gnass, Arno"]
[Black "Hoeper, Heinz-Joachim"]
[Result "1-0"]
[WhiteElo "1847"]
[BlackElo "1416"]
[PlyCount "117"]
[EventDate "2012.??.??"]
[SourceDate "2012.01.12"]

1. d4 Nf6 2. c4 g6 3. Nc3 Bg7 4. e4 d6 5. Nf3 O-O 6. Bd3 Nbd7 7. O-O e5 8. d5
Nc5 9. Bc2 Bg4 10. Be3 Bd7 11. Qd2 Ng4 12. Bxc5 dxc5 13. h3 Bh6 14. Qe2 Nf6 15.
Nxe5 Nh5 16. Nxd7 Qxd7 17. Rad1 Qd6 18. Rfe1 Qe5 19. Qf3 Rfd8 20. Bb1 Rd6 21.
g3 Rf6 22. Qg2 Qg5 23. Ne2 Qe5 24. b3 Re8 25. Kh1 c6 26. f4 Nxg3+ 27. Qxg3 Bxf4
28. Nxf4 Rxf4 29. Qg2 Rd8 30. Rf1 Rxf1+ 31. Rxf1 Rd6 32. Qh2 f6 33. Qxe5 fxe5
34. Kg2 a5 35. Rf3 b5 36. Kg3 Kg7 37. h4 h5 38. dxc6 b4 39. c7 Rc6 40. Rd3 Rxc7
41. Rd6 Kf7 42. Kf3 Kg7 43. Ke3 Kf7 44. Bd3 Kg7 45. Bf1 Kf7 46. Bh3 Kg7 47. Be6
Kf8 48. Bd5 Kg7 49. Ra6 g5 50. hxg5 h4 51. Rh6 a4 52. bxa4 h3 53. Rxh3 b3 54.
axb3 Rc8 55. Kd2 Kg6 56. Rg3 Kg7 57. Rf3 Rh8 58. a5 Kg6 59. a6 1-0

[Event "10. Bayer Open"]
[Site "?"]
[Date "2012.03.07"]
[Round "5"]
[White "Wotzka, Anton"]
[Black "Wolff, Michael"]
[Result "0-1"]
[WhiteElo "1598"]
[BlackElo "1835"]
[PlyCount "38"]
[EventDate "2012.??.??"]
[SourceDate "2012.01.12"]

1. e4 c5 2. Nf3 Nc6 3. d4 cxd4 4. Nxd4 Nf6 5. Nc3 e5 6. Ndb5 d6 7. Nd5 Nxd5 8.
exd5 Nb8 9. c4 Be7 10. Bd3 O-O 11. O-O Nd7 12. Be3 b6 13. f4 a6 14. Nc3 f5 15.
fxe5 Nxe5 16. Rc1 Bg5 17. Bf4 Bxf4 18. Rxf4 Qg5 19. Rf1 Qe3+ 0-1

[Event "10. Bayer Open"]
[Site "?"]
[Date "2012.03.07"]
[Round "5"]
[White "Decker, Andreas"]
[Black "Jacobi, Bernd"]
[Result "1-0"]
[WhiteElo "1808"]
[BlackElo "1471"]
[PlyCount "107"]
[EventDate "2012.??.??"]
[SourceDate "2012.01.12"]

1. d4 d5 2. Nf3 Nf6 3. Bf4 c6 4. e3 e6 5. Bd3 Qb6 6. b3 Nbd7 7. O-O Nh5 8. Bg5
h6 9. Bh4 Nhf6 10. Nbd2 c5 11. c3 Bd6 12. Qe2 O-O 13. Bg3 Qc7 14. Rac1 Bxg3 15.
hxg3 b6 16. e4 dxe4 17. Nxe4 Bb7 18. Nxf6+ Nxf6 19. dxc5 Qxc5 {
Schwarz bietet Remis an.} 20. Ne5 Qd5 21. Qf3 Qxf3 22. Nxf3 Rfd8 23. Rfd1 Rac8
24. c4 Be4 25. Bxe4 Nxe4 26. Kf1 Rxd1+ 27. Rxd1 Nc3 28. Rd2 b5 {
Schwarz bietet Remis an.} 29. Rc2 Ne4 30. Ke2 bxc4 31. bxc4 Nd6 32. c5 Kf8 33.
Kd3 Nf5 34. Kc4 Ne7 35. Rb2 Nc6 36. Rd2 Ke7 37. Kb5 f6 38. Rd6 Ne5 39. Nd4 Rb8+
40. Ka6 Rb2 41. Rxe6+ Kd7 42. Rd6+ Kc8 43. a4 Rb4 44. a5 Ra4 45. Nc6 Kc7 46.
Nxe5 fxe5 47. Rg6 Rc4 48. Rxg7+ Kc6 49. Kxa7 Rxc5 50. a6 Kb5 51. Re7 Kc6 52.
Re6+ Kd7 53. Rxh6 Rc7+ 54. Kb8 1-0

[Event "10. Bayer Open"]
[Site "?"]
[Date "2012.03.07"]
[Round "5"]
[White "Vitz, Hans-Joachim"]
[Black "Balduan, Karl-Heinz"]
[Result "1-0"]
[WhiteElo "1796"]
[BlackElo "1508"]
[PlyCount "75"]
[EventDate "2012.??.??"]
[SourceDate "2012.01.12"]

1. c4 b6 2. Nc3 Bb7 3. e4 e6 4. d3 Nc6 5. Nf3 Bd6 6. a3 a6 7. d4 e5 8. d5 Nce7
9. Bd3 h6 10. b4 c5 11. b5 a5 12. Bb2 Ng6 13. Ne2 Qf6 14. O-O O-O-O 15. Bc1 Nf8
16. Ng3 g6 17. Bd2 Be7 18. Qc1 d6 19. Ne1 Nh7 20. f4 Qg7 21. fxe5 dxe5 22. Nf3
Ng5 23. Nxe5 Bf6 24. Rxf6 Nxf6 25. Bc3 Ngh7 26. Ng4 h5 27. Nxf6 Nxf6 28. Qb2 h4
29. Nh1 Qh6 30. Bxf6 Qe3+ 31. Nf2 Rh5 32. Bxd8 Kxd8 33. Qf6+ Ke8 34. d6 Qg5 35.
Ng4 Kd7 36. Qxf7+ Kxd6 37. e5+ Qxe5 38. Nxe5 1-0

[Event "10. Bayer Open"]
[Site "?"]
[Date "2012.03.07"]
[Round "5"]
[White "Döring, Mirko"]
[Black "Ringeltaube, Denny"]
[Result "1/2-1/2"]
[WhiteElo "1520"]
[BlackElo "1687"]
[PlyCount "44"]
[EventDate "2012.??.??"]
[SourceDate "2012.01.12"]

1. e4 c5 2. Nf3 d6 3. d4 cxd4 4. Nxd4 Nf6 5. Nc3 a6 6. Be2 e5 7. Nb3 Be7 8. O-O
O-O 9. Be3 Be6 10. Bg5 Nbd7 11. f4 exf4 12. Bxf4 Ne5 13. Bxe5 dxe5 14. Kh1 Qxd1
15. Raxd1 Rfd8 16. h3 Bb4 17. Bd3 Bxc3 18. bxc3 Rac8 19. Na5 b5 20. c4 bxc4 21.
Nxc4 Bxc4 22. Bxc4 Rf8 1/2-1/2

[Event "10. Bayer Open"]
[Site "?"]
[Date "2012.03.07"]
[Round "5"]
[White "Fröhling, Ewald"]
[Black "Granz, Thomas"]
[Result "1-0"]
[WhiteElo "1447"]
[BlackElo "1656"]
[PlyCount "61"]
[EventDate "2012.??.??"]
[SourceDate "2012.01.12"]

1. e4 c5 2. Nf3 Nc6 3. d4 cxd4 4. Nxd4 e5 5. Nb3 Nf6 6. Qf3 d6 7. h3 Be6 8. c3
Be7 9. Bd3 O-O 10. O-O h6 11. Re1 d5 12. exd5 Bxd5 13. Qe2 Re8 14. N1d2 Bd6 15.
Ne4 Nxe4 16. Bxe4 Be6 17. Qf3 Rc8 18. Be3 Rf8 19. Nc5 Nd4 20. cxd4 exd4 21.
Nxe6 fxe6 22. Qg4 dxe3 23. Qxe6+ Kh8 24. Qg6 exf2+ 25. Kh1 fxe1=Q+ 26. Rxe1 Kg8
27. Qh7+ Kf7 28. Bd5+ Kf6 29. Re6+ Kg5 30. Qg6+ Kf4 31. Qg4# 1-0

[Event "10. Bayer Open"]
[Site "?"]
[Date "2012.03.07"]
[Round "5"]
[White "Wehr, Günter"]
[Black "Westphal, Gerhard"]
[Result "1/2-1/2"]
[WhiteElo "1478"]
[BlackElo "1407"]
[PlyCount "43"]
[EventDate "2012.??.??"]
[SourceDate "2012.01.12"]

1. d4 d5 2. Nf3 Nf6 3. c4 e6 4. Nc3 c6 5. cxd5 exd5 6. Bf4 Bd6 7. Bxd6 Qxd6 8.
e3 Bg4 9. h3 Bh5 10. Be2 Nbd7 11. O-O h6 12. Qd2 O-O 13. Nh4 Bxe2 14. Qxe2 Qe6
15. Rfe1 Ne4 16. Nxe4 Qxe4 17. Nf3 Rfe8 18. Rac1 Re6 19. Nd2 Qh4 20. Nf3 Qe4
21. Nd2 Qh4 22. Nf3 1/2-1/2

[Event "10. Bayer Open"]
[Site "?"]
[Date "2012.03.07"]
[Round "5"]
[White "Kolleck, Wolf-Dietrich"]
[Black "Meyer, Stefan"]
[Result "0-1"]
[WhiteElo "1428"]
[BlackElo "1662"]
[PlyCount "76"]
[EventDate "2012.??.??"]
[SourceDate "2012.01.12"]

1. d4 d5 2. c4 e6 3. Nc3 Nf6 4. Bg5 Be7 5. e3 O-O 6. Nf3 h6 7. Bh4 Ne4 8. Bxe7
Qxe7 9. Rc1 c6 10. Bd3 Nxc3 11. Rxc3 dxc4 12. Bxc4 Nd7 13. O-O Rd8 14. Qb1 e5
15. Nxe5 Nxe5 16. dxe5 Qxe5 17. f4 Qe7 18. f5 Qe5 19. e4 b5 20. Bb3 c5 21. Bd5
Rb8 22. Qc1 Bb7 23. Bxb7 Rxb7 24. f6 Rb6 25. Rxc5 Qd4+ 26. Kh1 Rxf6 27. Rcf5
Rxf5 28. exf5 Qd5 29. a3 Rd6 30. h3 Qd2 31. Qc7 a6 32. Qe7 Rf6 33. Qe5 Qd3 34.
Qf4 g6 35. g4 Qxh3+ 36. Kg1 h5 37. gxh5 Qxh5 38. Rf2 Rxf5 0-1

[Event "10. Bayer Open"]
[Site "?"]
[Date "2012.03.07"]
[Round "5"]
[White "Skiber, Friedel"]
[Black "Roder, Stephan"]
[Result "1-0"]
[WhiteElo "1575"]
[BlackElo "1391"]
[PlyCount "47"]
[EventDate "2012.??.??"]
[SourceDate "2012.01.12"]

1. e4 c5 2. Nf3 g6 3. d4 e6 4. Bd3 cxd4 5. Nxd4 Bg7 6. c3 Nc6 7. Be3 Nxd4 8.
cxd4 Qb6 9. e5 Qxb2 10. Nd2 Ne7 11. Nc4 Qc3+ 12. Ke2 Nf5 13. Rc1 Qb4 14. Bxf5
exf5 15. Nd6+ Ke7 16. Re1 b6 17. Kf1 Ba6+ 18. Kg1 Qa5 19. Qb3 Rhf8 20. Bg5+ f6
21. exf6+ Kxd6 22. fxg7 f4 23. gxf8=Q+ Rxf8 24. Be7# 1-0